000 00423nam a22001571a 4500
020 _a8171802190
082 _aM3
_bMAN/N
100 _aManoharavarma M R
_9145510
245 _aNissaramaya kutumbaprasnangal/
_cby Manoharavarma M R
260 _aKozhikode:
_bPoorna,
_c1992.
300 _a140p.
650 _aNovel Malayalam
_9145511
650 _aLiterature Malayalam
_9145512
650 _aLiterature
_9145513
942 _cBK
999 _c31599
_d31599